000
00261nam a2200109Ia 4500
008
200302s9999 xx 000 0 und d
100
_a
Zenith de rouen
245
_a
Bernard Tschumi
260
_b
Princeton Architectural Press
260
_c
2003
300
_a
160 P.,
999
_c
4257
_d
4257